[Event "Marseille"]
[Site "Marseille"]
[Date "1986.??.??"]
[Round "?"]
[White "Sharif, Mershad"]
[Black "Cebalo, Miso"]
[Result "1-0"]
[WhiteElo "2440"]
[BlackElo "2475"]

1.e4 c5 2.Nf3 d6 3.Bb5+ Bd7 4.Bxd7+ Qxd7 5.O-O Nc6 6.c3 Nf6 7.d4 cxd4 8.cxd4 d5
9.e5 Ne4 10.Ne1 h6 11.Be3 e6 12.Nd3 Be7 13.Qg4 g6 14.Rc1 Rc8 15.Nc3 h5 16.Qd1 O-O
17.Qf3 Nxc3 18.Rxc3 Nb4 19.Bh6 Rfe8 20.Nc5 Bxc5 21.dxc5 Kh7 22.Bg5 f5 23.exf6 e5
24.Rd1 d4 25.Rb3 Nc6 26.Qe4 Rc7 27.Rh3 Qf5 28.Rxh5+ Kg8 29.Qd5+ Qe6 30.Qxe6+ Rxe6
31.Rh6 Rh7 32.Rxg6+ Kf7 33.Rg7+ Rxg7 34.fxg7 Kxg7 35.f3 Rg6 36.h4 Kf7 37.Kf2 Ke6
38.Bd2 Rf6 39.Ke2 Kd5 40.Kd3 Ne7 41.Bg5 Re6 42.Bxe7 Rxe7 43.h5 e4+ 44.fxe4+ Rxe4
45.Rh1 Rg4 46.Rh2  1-0

[Event "Moscow-B"]
[Site "Moscow"]
[Date "1986.??.??"]
[Round "?"]
[White "Konopka, Michal"]
[Black "Kengis, Edvins"]
[Result "0-1"]
[WhiteElo "2305"]
[BlackElo "2475"]

1.e4 c5 2.Nf3 d6 3.Bb5+ Nd7 4.d4 Nf6 5.dxc5 Qa5+ 6.Nc3 Nxe4 7.c6 bxc6 8.Bxc6 Nxc3
9.Bd2 Qa6 10.Bxd7+ Bxd7 11.Bxc3 e5 12.Qd2 Be7 13.a3 Rc8 14.O-O-O Bf5 15.Ne1 O-O
16.Nd3 Qa4 17.f4 d5 18.Bxe5 f6 19.Bc3 d4 20.Bxd4 Qxd4 21.Rhe1 Bxa3  0-1

[Event "Bhilwara"]
[Site "New Delhi"]
[Date "1986.??.??"]
[Round "?"]
[White "Ravisekhar, Raja"]
[Black "Thipsay, Praveen Mahadeo"]
[Result "1/2-1/2"]
[WhiteElo "2390"]
[BlackElo "2485"]

1.e4 c5 2.Nf3 d6 3.Bb5+ Bd7 4.Bxd7+ Nxd7 5.O-O Ngf6 6.Re1 e6 7.c4 Be7 8.d4 cxd4
9.Qxd4 O-O 10.Nc3 Ng4 11.h3 Nge5 12.Nxe5 dxe5 13.Qe3 a6 14.Qe2 Rc8 15.Bd2 Bc5
16.Na4 Bd4 17.Bc3 Bxc3 18.Nxc3 Qc7 19.b3 b5 20.Rac1 bxc4 21.Nb1 Qa5 22.Rxc4 Rxc4
23.bxc4 Nc5 24.Rd1 h6 25.Qc2 Qb4 26.f3 Rc8 27.Kh2 a5 28.Nd2 a4 29.Rb1 Qa3
30.Nf1 Nd3 31.Ne3 Rd8 32.Qd2 Rd4 33.Qc2 Nb4 34.Qb2 Qxe3 35.Qxb4 Rd2 36.a3 Rc2
37.Qxa4 Qf4+ 38.Kh1 Qd2 39.Rg1 Rc1 40.Qe8+ Kh7 41.Qxf7 Rxg1+ 42.Kxg1 Qc1+
43.Kh2 Qxc4 44.h4 Qb3 45.Qa7 Kg6 46.a4 Kf6 47.Qc5 Qb8 48.Qc6 Qd8 49.Qc3 Qe8
50.g4 Qd8 51.Qb2 Qa8 52.Qb4 Kf7 53.Qc5 Qa6 54.Kg2 Qe2+ 55.Qf2 Qc4 56.Qb2 Kf6
57.Kf2 Qc5+ 58.Ke2 Qg1 59.Qd2 Qg2+ 60.Ke3 Qg1+ 61.Kd3 Qf1+ 62.Kc3 Qxf3+ 63.Qd3 Qxg4
64.h5 Qg1 65.Kc4 Qb6 66.Qf3+ Kg5 67.Qf7 Qd4+ 68.Kb3 Qd3+  1/2-1/2

[Event "Philadelphia"]
[Site "Philadelphia"]
[Date "1986.??.??"]
[Round "?"]
[White "Dehmelt, Karl"]
[Black "Schroer, Jonathan"]
[Result "1/2-1/2"]
[WhiteElo "2355"]
[BlackElo "2370"]

1.e4 c5 2.Nf3 d6 3.Bb5+ Bd7 4.Bxd7+ Qxd7 5.O-O Nc6 6.c3 Nf6 7.d4 cxd4 8.cxd4 d5
9.e5 Ne4 10.Ne1 f6 11.f3 Ng5 12.Be3 e6 13.Nc3 Be7 14.Qd2 O-O 15.Bxg5 fxg5
16.Nc2 Rac8 17.Rac1 Qe8 18.Ne2 Qg6 19.a3 Na5 20.Qxa5 Rxc2 21.Rxc2 Qxc2 22.Qb5 Bd8
23.Nc3 Bb6 24.Rd1 g4 25.Qd3 Qxb2 26.Na4 Qa2 27.Rd2 Qa1+ 28.Rd1 Qa2 29.Rd2 Qc4
30.Nxb6 axb6 31.fxg4 Ra8 32.Rd1 b5 33.g5 Qxd3 34.Rxd3 Ra4 35.Kf2 b4 36.axb4 Rxb4
37.h4 b5 38.g3 Rb2+ 39.Ke3 b4 40.Rd2 Rb3+ 41.Rd3 Rb2 42.Rd2 Rb1 43.Ra2 Rb3+
44.Kf2 Rc3 45.Ra7 b3 46.Rb7 Rc2+ 47.Ke3 b2 48.Kd3 Rg2 49.Kc3 Rxg3+ 50.Kxb2 Rg4
51.Kc3 Rxh4 52.Re7 Rg4 53.Rxe6 Rxg5 54.Rd6 h5 55.Rxd5 Rg3+  1/2-1/2

[Event "Philadelphia"]
[Site "Philadelphia"]
[Date "1986.??.??"]
[Round "?"]
[White "Dehmelt, Karl"]
[Black "Donaldson, John W"]
[Result "1/2-1/2"]
[WhiteElo "2355"]
[BlackElo "2420"]

1.e4 c5 2.Nf3 d6 3.Bb5+ Bd7 4.Bxd7+ Nxd7 5.O-O Ngf6 6.Re1 e6 7.c4 Be7 8.d4 cxd4
9.Qxd4 O-O 10.Nc3 a6 11.b3 Qc7 12.Bb2 Rad8 13.h3 Rfe8 14.Rad1 Bf8 15.Nh2 Qb8
16.Ng4 Nxg4 17.hxg4 Rc8 18.Nb1 b5 19.cxb5 axb5 20.Rc1 h6 21.Qe3 Nc5 22.Qd3 Qa8
23.a3 Rc6 24.Nd2 Rec8 25.Qe3 Be7 26.Nf3 e5 27.Rc3 Bd8 28.Qe2 Qb7 29.Rec1 Nxb3
30.Rxc6 Rxc6 31.Rxc6 Qxc6 32.Qd1 Nc5 33.Nxe5 Qc7 34.Nf3 Nxe4 35.Qd5 Qc2 36.Bd4 Bf6
37.Be3 Qc4 38.Qa8+ Kh7 39.Qe8 Nc3 40.Qd7 Qe6 41.Qb7 Ne2+ 42.Kf1 Nc3 43.Kg1 d5
44.g5 d4 45.gxf6 dxe3 46.fxe3 Qxf6 47.Qc8 g6 48.Qc5 Ne2+ 49.Kh2 Qe6 50.Qxb5 Qxe3
51.Qe5 Qxe5+ 52.Nxe5 f6 53.Nd7 Kg7 54.a4 Nd4 55.a5 Nc6 56.a6 Kf7 57.Nb6 Na7
58.Nd5 Ke6 59.Ne3 f5 60.Kg3 g5 61.Kf3 h5 62.g3 Nc6 63.Kf2 Ke5 64.Nc4+ Kd5
65.Ne3+ Ke4 66.Nc4 f4 67.Nd6+ Ke5 68.Nb5 fxg3+  1/2-1/2

[Event "POL-chT"]
[Site "Porabka"]
[Date "1986.??.??"]
[Round "?"]
[White "Ehrenfeucht, Wojciech"]
[Black "Karpik, Tadeusz"]
[Result "1-0"]
[WhiteElo "2320"]
[BlackElo "2285"]

1.e4 c5 2.Nf3 d6 3.Bb5+ Nd7 4.d4 cxd4 5.Qxd4 e5 6.Qd3 Be7 7.a4 Nf6 8.Nc3 O-O
9.O-O h6 10.h3 Qc7 11.Nd2 Nc5 12.Qe2 Be6 13.Bc4 Rac8 14.Nb5 Qb8 15.Bxe6 Nxe6
16.c4 a6 17.Nc3 Nd4 18.Qd3 Qc7 19.a5 d5 20.exd5 Bb4 21.Ra4 Bxa5 22.b4 Bb6
23.c5 Qd7 24.Nc4 Bxc5 25.bxc5 Rxc5 26.Nxe5 Rxc3 27.Qxd4 Qc8 28.Bb2 Rc2 29.Ng4 Qf5
30.Nxf6+ gxf6 31.Qxf6 Qxf6 32.Bxf6 Rd2 33.Rg4+ Kh7  1-0

[Event "POL-chT"]
[Site "Porabka"]
[Date "1986.??.??"]
[Round "?"]
[White "Chachaj, Tomasz"]
[Black "Kardys, Zbigniew"]
[Result "1-0"]
[WhiteElo "2325"]
[BlackElo "2245"]

1.e4 c5 2.Nf3 d6 3.Bb5+ Bd7 4.Bxd7+ Qxd7 5.O-O Nc6 6.c3 Nf6 7.Re1 e5 8.d4 Be7
9.Bg5 Rd8 10.d5 Nb8 11.Nbd2 O-O 12.Bxf6 Bxf6 13.a4 Be7 14.Qb3 Qc7 15.Nc4 Nd7
16.a5 Kh8 17.Na3 a6 18.Nc4 f5 19.exf5 Rxf5 20.Nfd2 Rdf8 21.Ne4 Rf4 22.Ncd2 h6
23.c4 Kg8 24.Qa3 Nf6 25.Qh3 Nxe4 26.Qe6+ R8f7 27.Nxe4 Bf8 28.b4 cxb4 29.c5 dxc5
30.d6 Qc6 31.f3 c4 32.Red1 c3 33.Rac1 c2 34.Rd2 b3 35.Qxb3 Bxd6 36.Nxd6 Qc5+
37.Kh1 Qxa5 38.Rdxc2  1-0

[Event "POL-chT"]
[Site "Porabka"]
[Date "1986.??.??"]
[Round "?"]
[White "Gizynski, Tomasz"]
[Black "Sarwinski, Miroslaw"]
[Result "0-1"]
[WhiteElo "2290"]
[BlackElo "2410"]

1.e4 c5 2.Nf3 d6 3.Bb5+ Nd7 4.d4 Nf6 5.O-O cxd4 6.Qxd4 e5 7.Qd3 h6 8.c4 Be7
9.Nc3 O-O 10.Bxd7 Bxd7 11.b3 Bc6 12.Ne1 a6 13.Nc2 Nd7 14.Ba3 Nc5 15.Bxc5 dxc5
16.Nd5 Bxd5 17.cxd5 b5 18.Ne3 Bg5 19.Rac1 Rc8 20.Rc2 Qa5 21.g3 Qb4 22.h4 Bxe3
23.Qxe3 f5 24.exf5 Rxf5 25.Rfc1 Rcf8 26.Rd1 Qg4 27.Qe2 Rf3 28.Rd3 e4 29.Re3 Qf5
30.d6 Qd7 31.Qe1 Qxd6 32.Rxe4 Rd3 33.Kh2 Rd1 34.Qe3 Rf1 35.Rd2 Qxd2 36.Qxd2 R1xf2+
37.Qxf2 Rxf2+ 38.Kh3 Rxa2 39.Re7 Rb2 40.Rc7 Rc2 41.Rc6 Rc3 42.Rxa6 Rxb3 43.Kg4 Kf7
44.h5 Rc3 45.Kf5 b4 46.Ra7+ Ke8 47.Ke5 Re3+  0-1

[Event "POL-chT"]
[Site "Porabka"]
[Date "1986.??.??"]
[Round "?"]
[White "Sikora Gizynska, Bozena"]
[Black "Wiese Jozwiak, Malgorzata"]
[Result "1-0"]
[WhiteElo "2075"]
[BlackElo "2225"]

1.e4 c5 2.Nf3 d6 3.Bb5+ Bd7 4.Bxd7+ Qxd7 5.O-O Nf6 6.e5 dxe5 7.Nxe5 Qc7 8.d4 cxd4
9.Qxd4 Nc6 10.Nxc6 Qxc6 11.Bg5 Nd7 12.Nc3 e6 13.Rad1 f6 14.Be3 Be7 15.Rfe1 Ne5
16.Qe4 Qxe4 17.Nxe4 b6 18.Bf4 Ng6 19.Nd6+ Kf8 20.Bc1 e5 21.Nf5 Kf7 22.Nxe7 Kxe7
23.f4 Ke6 24.g4 Nh4 25.Kf2 h6 26.Kg3 g5 27.f5+ Ke7 28.b3 Rhd8 29.Ba3+ Kf7
30.c4 a5 31.Kf2 Rac8 32.Rd6 b5 33.Rxd8 Rxd8 34.cxb5 Rb8 35.Rd1 Rxb5 36.Rd7+ Kg8
37.Rd8+ Kf7 38.Rd7+ Kg8 39.Be7 Rb6 40.Bd8 Rc6 41.Bxa5 Rc1 42.a4 Rh1 43.Bd8 Rxh2+
44.Kf1 e4 45.Bxf6 Nf3 46.Re7 Ra2 47.Bc3 Rc2 48.Bb4 Nh2+ 49.Ke1 Nxg4 50.Rxe4 Nf2
51.Rd4 Nh3 52.a5 Kf7 53.a6 Nf4 54.Rd2 Rc1+ 55.Kf2 Ra1 56.Rd7+ Ke8  1-0

[Event "FIN-ch"]
[Site "Pori"]
[Date "1986.??.??"]
[Round "?"]
[White "Raaste, Eero J"]
[Black "Yrjola, Jouni"]
[Result "1-0"]
[WhiteElo "2370"]
[BlackElo "2440"]

1.e4 c5 2.Nf3 d6 3.Bb5+ Bd7 4.Bxd7+ Nxd7 5.O-O Ngf6 6.Re1 e6 7.c4 Ne5 8.d3 Be7
9.b3 O-O 10.Bb2 Nfd7 11.d4 cxd4 12.Bxd4 a6 13.Nc3 Qa5 14.Na4 b5 15.Nxe5 dxe5
16.Bc3 Qc7 17.Nb2 Ba3 18.Qd2 Nc5 19.Ba5 Qb7 20.Nd3 bxc4 21.Nxe5 Nxe4 22.Qd4 Nd6
23.Nxc4 Nxc4 24.Qxc4 Qb5 25.Qxb5 axb5 26.b4 Rfc8 27.Re2 Rc4 28.Rb1 Rac8 29.Kf1 Rc1+
30.Rxc1 Rxc1+ 31.Re1 Rc4 32.Re5 Rc1+ 33.Ke2 Rc2+ 34.Kf3 Rxa2 35.Rxb5 f6 36.Bb6 Rb2
37.Bc5 Kf7 38.h4 h5 39.Rb7+ Kg6  1-0

[Event "Sarajevo"]
[Site "Sarajevo"]
[Date "1986.??.??"]
[Round "8"]
[White "Campora, Daniel H"]
[Black "Velimirovic, Dragoljub"]
[Result "1-0"]
[WhiteElo "2530"]
[BlackElo "2575"]

1.e4 c5 2.Nf3 d6 3.Bb5+ Bd7 4.Bxd7+ Qxd7 5.c4 Nc6 6.O-O e5 7.Nc3 g6 8.d3 Bg7
9.a3 Nge7 10.Rb1 O-O 11.b4 Nd8 12.Nd5 Ne6 13.Be3 f5 14.Ne1 f4 15.Bd2 Nd4
16.Nf3 Nxf3+ 17.Qxf3 Nc6 18.Bc3 Rf7 19.bxc5 dxc5 20.Rb5 Bf8 21.Rfb1 Rb8 22.a4 Bd6
23.a5 Qc8 24.h3 h5 25.Kh2 Qd8 26.Qe2 Qf8 27.f3 g5 28.R5b2 Qg7 29.Kg1 Re8
30.Kf2 Re6 31.Rh1 Rg6 32.Ke1 g4 33.hxg4 hxg4 34.Kd1 gxf3 35.gxf3 Bc7 36.Qe1 Bd8
37.Rbh2 Rg3 38.Nxf4 Rxf4 39.Rh8+ Kf7 40.R8h7 Rfxf3 41.Rxg7+ Kxg7 42.Kc1 Rxd3
43.Bb2 Rg2 44.Rg1 Bg5+ 45.Kb1 Rdg3 46.Rxg2 Rxg2 47.Qf1 Rg4 48.Qf5 Rg1+ 49.Ka2 Bf6
50.Qd7+ Kg6 51.Qxb7 Nb4+ 52.Kb3 a6 53.Qc8 Nd3 54.Qf5+  1-0

[Event "URS-ch sf"]
[Site "Sevastopol"]
[Date "1986.??.??"]
[Round "?"]
[White "Rozentalis, Eduardas"]
[Black "Aseev, Konstantin N"]
[Result "0-1"]
[WhiteElo "2465"]
[BlackElo "2440"]

1.e4 c5 2.Nf3 d6 3.Bb5+ Bd7 4.Bxd7+ Qxd7 5.O-O Nf6 6.Qe2 Nc6 7.b3 e6 8.Bb2 Be7
9.d3 O-O 10.Nbd2 d5 11.Rae1 Qc7 12.h3 Rad8 13.g3 dxe4 14.Nxe4 Nd4 15.Nxd4 cxd4
16.Ng5 Nd5 17.Nf3 Bb4 18.Rd1 Bc3 19.Bc1 Rfe8 20.h4 e5 21.h5 Nf4 22.Qe4 Nxh5
23.Qh4 Nf6 24.Bg5 Rd6 25.Kg2 Nd7 26.Rh1 Nf8 27.Qg4 Qd7 28.Qxd7 Nxd7 29.Bd2 Bxd2
30.Rxd2 f6 31.a4 Nb6 32.Re2 Rc8 33.Ne1 Nd5 34.Kf1 Rdc6 35.Rh2 h6 36.Kg1 Kf7
37.Kf1 a6 38.Kg1 b5 39.axb5 axb5 40.Kf1 Ra6 41.Rh4 Ra1 42.f4 Nc3  0-1

[Event "BUL-DDR (Women)"]
[Site "Sofia"]
[Date "1986.??.??"]
[Round "1"]
[White "Wagner Michel, Annett"]
[Black "Gocheva, Rumiana B"]
[Result "1-0"]
[WhiteElo "2110"]
[BlackElo "2090"]

1.e4 c5 2.Nf3 d6 3.Bb5+ Bd7 4.Bxd7+ Qxd7 5.e5 d5 6.d4 e6 7.Nbd2 Nc6 8.dxc5 Bxc5
9.Nb3 Bb6 10.O-O f6 11.Re1 fxe5 12.Nxe5 Nxe5 13.Rxe5 Nf6 14.Be3 Qd6 15.Bf4 O-O
16.Qe2 Qb4 17.Be3 Bc7 18.Rxe6 Bxh2+ 19.Kxh2 Qh4+ 20.Kg1 Ng4 21.f3 Qh2+ 22.Kf1 Qh1+
23.Bg1 Nh2+ 24.Ke1 Qxg1+ 25.Kd2 Nxf3+ 26.gxf3 Qg5+ 27.Kd1 a5 28.c3 a4 29.Nd4 a3
30.Kc2 axb2 31.Kxb2 Qd8 32.Qb5 Qg5 33.Qb3 b5 34.Rd6 Qd2+ 35.Qc2 Qg5 36.Re1 b4
37.cxb4 Qf4 38.Qc5 Qd2+ 39.Nc2 Rfc8 40.Qxd5+ Qxd5 41.Rxd5 Rc4 42.b5 Rac8
43.Re2 g6 44.b6 Rb8 45.Rb5 Rc6 46.b7 Rc7 47.Nd4 Rbxb7 48.Rxb7 Rxb7+ 49.Kc3 Kf7
50.a4 h5 51.a5 h4 52.f4 g5 53.fxg5 Kg6 54.Nf3 h3 55.Kc4 Kf5 56.a6 Ra7 57.Kb5 Kf4
58.Nh2 Rg7 59.g6 Rxg6 60.a7  1-0

[Event "BCF-ch"]
[Site "Southampton"]
[Date "1986.??.??"]
[Round "1"]
[White "Prasad, Devaki V"]
[Black "Thipsay, Praveen Mahadeo"]
[Result "1/2-1/2"]
[WhiteElo "2410"]
[BlackElo "2375"]

1.e4 c5 2.Nf3 d6 3.Bb5+ Bd7 4.Bxd7+ Nxd7 5.O-O Ngf6 6.Re1 e6 7.c3 Be7 8.d3 O-O
9.h3 Qc7 10.c4 Rad8 11.Nc3 Rfe8 12.Bf4 Ne5 13.Bh2 Nfd7 14.Qe2 a6 15.Rad1 Bf6
16.Nd2 Nc6 17.Nb3 Nd4 18.Nxd4 Bxd4 19.Kh1 Qb8 20.a4 Qc7 21.Qc2  1/2-1/2

[Event "BCF-ch"]
[Site "Southampton"]
[Date "1986.??.??"]
[Round "10"]
[White "Wicker, Kevin J"]
[Black "Le Blancq, Simon"]
[Result "1-0"]
[WhiteElo "2305"]
[BlackElo "2270"]

1.e4 c5 2.Nf3 d6 3.Bb5+ Bd7 4.c4 Nc6 5.O-O g6 6.Nc3 Bg7 7.d3 e6 8.Bxc6 Bxc6
9.d4 cxd4 10.Nxd4 Nf6 11.Nxc6 bxc6 12.Bf4 e5 13.Bg5 O-O 14.Qd2 Qc7 15.Rfd1 Ne8
16.c5 dxc5 17.Na4 Bf6 18.Nxc5 Rd8 19.Qxd8 Bxd8 20.Bxd8 Qc8 21.Be7 Ng7 22.Nd7 Ne6
23.Nxf8 Nd4 24.Bc5 Qg4 25.Kh1 h5 26.f3 Qc8 27.f4 Qg4 28.fxe5 Ne2 29.Nd7 Qh4
30.Nf6+ Kg7 31.Rd8 Ng3+ 32.Kg1 Ne2+ 33.Kf1 Qxh2 34.Bf8+  1-0

[Event "BCF-ch"]
[Site "Southampton"]
[Date "1986.??.??"]
[Round "11"]
[White "Hazelton, Martin"]
[Black "Ravisekhar, Raja"]
[Result "1-0"]
[WhiteElo "2145"]
[BlackElo "2395"]

1.e4 c5 2.Nf3 d6 3.Bb5+ Bd7 4.Bxd7+ Qxd7 5.O-O Nc6 6.c3 Nf6 7.d4 cxd4 8.cxd4 d5
9.e5 Ne4 10.Nbd2 Nxd2 11.Bxd2 e6 12.Re1 h6 13.Bc3 Be7 14.Nd2 O-O 15.Qg4 Rfe8
16.Nb3 b6 17.Re3 Bf8 18.Rg3 Ne7 19.Bd2 Nf5 20.Rh3 Kh7 21.Qf4 Be7 22.g4 Nh4
23.Qg3 g5 24.Qd3+ Kg7 25.f4 f5 26.gxf5 Nxf5 27.Kh1 g4 28.Rg1 Kh8 29.Rxg4 Rg8
30.Qxf5  1-0

[Event "BCF-ch"]
[Site "Southampton"]
[Date "1986.??.??"]
[Round "11"]
[White "Lawton, Geoffrey W"]
[Black "Findlay, Ian T"]
[Result "1-0"]
[WhiteElo "2365"]
[BlackElo "2375"]

1.e4 c5 2.Nf3 d6 3.Bb5+ Bd7 4.Bxd7+ Qxd7 5.O-O Nc6 6.c3 Nf6 7.d4 Nxe4 8.d5 Nb8
9.Re1 Nf6 10.Bg5 Na6 11.Bxf6 gxf6 12.c4 O-O-O 13.Nc3 Rg8 14.Kh1 Nc7 15.Qd3 Qg4
16.g3 f5 17.Rac1 e5 18.Nh4 e4 19.Qe2 Qg5 20.f4 exf3 21.Qxf3 Re8 22.Nxf5 Qg4
23.Qd3 Rg5 24.Rf1 Re5 25.Rf4 Qh3 26.Rcf1 Rh5 27.Qc2 a6 28.Kg1 Kb8 29.Qg2 Qxg2+
30.Kxg2 b5 31.h4 h6 32.R4f3 bxc4 33.g4 Rhxf5 34.Rxf5 Rxf5 35.Rxf5 Bg7 36.Rxf7 Bxc3
37.bxc3 Nxd5 38.g5 Nxc3 39.gxh6  1-0

[Event "Subotica m"]
[Site "Subotica"]
[Date "1986.??.??"]
[Round "1"]
[White "Chiburdanidze, Maia"]
[Black "Popovic, Petar"]
[Result "0-1"]
[WhiteElo "2455"]
[BlackElo "2545"]

1.e4 c5 2.Nf3 d6 3.Bb5+ Bd7 4.Bxd7+ Nxd7 5.O-O Ngf6 6.Qe2 e6 7.c4 Ne5 8.Nxe5 dxe5
9.d3 Be7 10.f4 exf4 11.e5 Nd7 12.Bxf4 Nf8 13.Bd2 Ng6 14.Bc3 O-O 15.Nd2 Qd7
16.Ne4 Rad8 17.Rad1 Qc6 18.Rf3 Qc7 19.Ng3 Nh4 20.Rf2 Rd7 21.Qg4 Ng6 22.Nh5 Rfd8
23.Rf3 Bf8 24.Qg3 a6 25.a4 b5 26.axb5 axb5 27.cxb5 Qb7 28.Rdf1 Qxb5 29.Qg4 Qb7
30.Ng3 Rxd3 31.Rxf7 Qxf7 32.Rxf7 Kxf7 33.Ne4 Be7 34.Kf2 R3d5 35.Ng5+ Bxg5
36.Qxg5 Kg8 37.Ke3 Rf8 38.g4 c4 39.h4 Rd3+ 40.Ke2 Nf4+ 41.Ke1 Ng2+ 42.Ke2 Nf4+  0-1

[Event "Subotica m"]
[Site "Subotica"]
[Date "1986.??.??"]
[Round "7"]
[White "Chiburdanidze, Maia"]
[Black "Popovic, Petar"]
[Result "1/2-1/2"]
[WhiteElo "2455"]
[BlackElo "2545"]

1.e4 c5 2.Nf3 d6 3.Bb5+ Bd7 4.Bxd7+ Nxd7 5.O-O Ngf6 6.Qe2 e6 7.c4 Ne5 8.Nxe5 dxe5
9.d3 g6 10.f4 Bh6 11.Kh1 Bxf4 12.Bxf4 exf4 13.e5 Nd7 14.Rxf4 Qg5 15.Re4 Qc1+
16.Qe1 Qxe1+ 17.Rxe1 Ke7 18.Nc3 Rhd8 19.Re3 b6 20.a3 Nb8 21.b4  1/2-1/2

[Event "Szirak"]
[Site "Szirak"]
[Date "1986.??.??"]
[Round "?"]
[White "Romanishin, Oleg M"]
[Black "Pinter, Jozsef"]
[Result "1/2-1/2"]
[WhiteElo "2560"]
[BlackElo "2555"]

1.e4 c5 2.Nf3 d6 3.Bb5+ Bd7 4.c4 Nf6 5.Nc3 a6 6.Bxd7+ Nbxd7 7.O-O e6 8.b3 Be7
9.d4 cxd4 10.Nxd4 O-O 11.Bb2 Re8 12.Kh1 Nc5 13.Qf3 Qb6 14.Rad1 Rad8 15.Rfe1 Qc7
16.Qg3 Nh5 17.Qf3 Nf6 18.Qg3 Nh5 19.Qe3 Bf8 20.Qf3 Nf6 21.h3 Ncd7 22.Qg3 Nh5
23.Qe3 Qc5 24.Nc2 Ne5 25.Rd2 Be7 26.Red1 Qxe3 27.Nxe3 f6 28.Ba3 Nf7 29.Ne2 g6
30.g4 Ng7 31.Kg2 g5 32.Nf1 h5 33.Nfg3 hxg4 34.hxg4 Rc8 35.f4 gxf4 36.Nxf4 Ne5
37.Bxd6 Nxg4 38.Kf3 Bxd6 39.Rxd6 Ne5+ 40.Ke2 Kf7 41.Nd3  1/2-1/2

[Event "Szirak"]
[Site "Szirak"]
[Date "1986.??.??"]
[Round "?"]
[White "Romanishin, Oleg M"]
[Black "Csom, Istvan"]
[Result "1/2-1/2"]
[WhiteElo "2560"]
[BlackElo "2505"]

1.e4 c5 2.Nf3 d6 3.Bb5+ Bd7 4.Bxd7+ Qxd7 5.O-O Nc6 6.c3 e6 7.d4 d5 8.dxc5 Bxc5
9.exd5 Qxd5 10.Qxd5 exd5 11.Nbd2 Nge7 12.Nb3 Bb6 13.Re1 O-O 14.Be3 Bxe3 15.Rxe3 Rfd8
16.Rd1 Kf8 17.Kf1 Rac8 18.Red3 h6 19.h3 g6 20.Nc1 Na5 21.b3 Rc7 22.Ne2 Rdc8
23.Ne5 Nac6 24.Ng4 Kg7 25.Ne3 d4 26.Nxd4 Ne5 27.R3d2 Rxc3 28.Nb5 Rc1 29.Nxa7 Rxd1+
30.Nxd1 Rc5 31.a4 Rc1 32.Ke2 g5 33.Nb5 N7c6 34.Nbc3 Nb4 35.g3 Nec6 36.Rb2 Nd4+
37.Ke3 Ne6 38.Kd2 Ra1 39.Nb1 Nc5 40.Nbc3 Ra3 41.Nb5 Ra1 42.Nbc3 Nc6 43.Ne3 Nd4
44.b4 Nf3+ 45.Kc2 Ne1+ 46.Kd2 Nf3+ 47.Kc2 Ne1+ 48.Kd2 Nf3+ 49.Kc2 Ne1+  1/2-1/2

[Event "URS-ch U20"]
[Site "Tallinn"]
[Date "1986.??.??"]
[Round "?"]
[White "Rozentalis, Eduardas"]
[Black "Dokhoian, Yury"]
[Result "1-0"]
[WhiteElo "2465"]
[BlackElo "2365"]

1.e4 c5 2.Nf3 d6 3.Bb5+ Nd7 4.d4 Nf6 5.Nc3 a6 6.Bxd7+ Nxd7 7.Be3 e6 8.a4 b6
9.O-O Be7 10.d5 Nf6 11.dxe6 Bxe6 12.Qd3 d5 13.exd5 Nxd5 14.Rad1 Nf6 15.Qe2 Qc7
16.Ng5 Bg4 17.f3 Bf5 18.Nd5 Nxd5 19.Rxd5 Be6 20.Nxe6 fxe6 21.Bf4 Qc6 22.Rd6 Qxa4
23.Qxe6 Qxf4 24.Rd5 Qh6 25.Qd7+ Kf8 26.Rf5+ Bf6 27.Re1 Rb8 28.Qd6+ Kf7 29.Re7+ Kg6
30.Qg3+ Bg5 31.Re6+ Kxf5 32.Qg4+  1-0

[Event "Tallinn (Women)"]
[Site "Tallinn"]
[Date "1986.??.??"]
[Round "1"]
[White "Laesson, Tuulikki"]
[Black "Tsiganova, Monika"]
[Result "1-0"]
[WhiteElo "2115"]
[BlackElo "1985"]

1.e4 c5 2.Nf3 d6 3.Bb5+ Nc6 4.O-O Nf6 5.e5 dxe5 6.Nxe5 Qc7 7.d4 e6 8.Qf3 Bd7
9.Nxd7 Qxd7 10.dxc5 Bxc5 11.Bg5 Qd5 12.Qxd5 Nxd5 13.c4 Ne7 14.Nc3 O-O 15.Rad1 a6
16.Ne4 Ba7 17.Bxc6 Nxc6 18.Rd7 Ne5 19.Rxb7 Nxc4 20.Rc1 Nb6 21.Be3 Nc8 22.Rcc7 Bxe3
23.fxe3 h6 24.h4 a5 25.g4 Ra6 26.g5 Rb6 27.Kg2 Rxb7 28.Rxb7 Rd8 29.Rb8 Kh7
30.Kf3 Kg6 31.Ra8 hxg5 32.hxg5 f5 33.gxf6 gxf6 34.Rxa5 f5 35.Ng3 Rd2 36.b4 Nd6
37.Ra6 Kf6 38.Nf1 Rd5 39.a4 Ne4 40.Rc6 Rd1 41.Ng3 Ng5+ 42.Ke2 Ra1 43.a5 Ra2+
44.Kd3 Nf3 45.Kc3 Ra3+ 46.Kb2 Rxe3 47.Rc3 Rxc3 48.Kxc3 Ke5 49.a6 Nd4 50.Kc4 Nc6
51.b5 Kd6 52.b6  1-0

[Event "Agzamov mem"]
[Site "Tashkent"]
[Date "1986.??.??"]
[Round "1"]
[White "Panchenko, Alexander N"]
[Black "Rashkovsky, Nukhim N"]
[Result "1/2-1/2"]
[WhiteElo "2435"]
[BlackElo "2420"]

1.e4 c5 2.Nf3 d6 3.Bb5+ Bd7 4.Bxd7+ Nxd7 5.c4 Ne5 6.Nxe5 dxe5 7.Qa4+ Qd7
8.Qxd7+ Kxd7 9.d3 e6 10.Be3 Bd6 11.Nc3 Ne7 12.a3 b6 13.Ke2 Nc6 14.Rhb1 Nd4+
15.Bxd4 exd4 16.Na4 Rhc8 17.b4 Rc6 18.bxc5 Bxc5 19.Rb5 Rac8 20.Nxc5+ Rxc5
21.Rab1 Rxb5 22.Rxb5 Rc5 23.Rxc5 bxc5  1/2-1/2

[Event "Agzamov mem"]
[Site "Tashkent"]
[Date "1986.??.??"]
[Round "4"]
[White "Yurtaev, Leonid"]
[Black "Rashkovsky, Nukhim N"]
[Result "1/2-1/2"]
[WhiteElo "2455"]
[BlackElo "2420"]

1.e4 c5 2.Nf3 d6 3.Bb5+ Bd7 4.Bxd7+ Nxd7 5.O-O Ngf6 6.Re1 e6 7.d3 Be7 8.Nbd2 O-O
9.Nf1 Ne5 10.Ng3 Nfd7 11.Be3 Nxf3+ 12.Qxf3 Bg5 13.d4 Bxe3 14.Qxe3 Qb6 15.dxc5 Qxc5
16.Qxc5  1/2-1/2

[Event "Tbilisi"]
[Site "Tbilisi"]
[Date "1986.??.??"]
[Round "?"]
[White "Gurgenidze, Bukhuti"]
[Black "Karolyi, Tibor Jr"]
[Result "1-0"]
[WhiteElo "2440"]
[BlackElo "2410"]

1.e4 c5 2.Nf3 d6 3.Bb5+ Nc6 4.O-O Bd7 5.Re1 a6 6.Bc4 Ne5 7.Nxe5 dxe5 8.Qh5 e6
9.Qxe5 Nf6 10.Qg3 Bc6 11.e5 Nd5 12.Bf1 Ne7 13.Qd3 Qc7 14.Na3 Rd8 15.Qe2 b5
16.d3 Nf5 17.c3 Be7 18.Nc2 O-O 19.Qg4 Rd7 20.Bf4 Rfd8 21.Ne3 Nh4 22.Bg3 Ng6
23.Qh5 Rb8 24.f4 Nf8 25.f5 g6 26.Qh6 gxf5 27.Nxf5 exf5 28.e6 Bd6 29.exd7 Bxg3
30.hxg3 Bxd7 31.Qf4 Qb6 32.Qf2 Qd6 33.d4 c4 34.b3  1-0

[Event "Vienna op"]
[Site "Vienna"]
[Date "1986.??.??"]
[Round "?"]
[White "Gheorghiu, Florin"]
[Black "Ftacnik, Lubomir"]
[Result "1/2-1/2"]
[WhiteElo "2525"]
[BlackElo "2515"]

1.e4 c5 2.Nf3 d6 3.Bb5+ Bd7 4.Bxd7+ Nxd7 5.O-O Ngf6 6.Qe2 e6 7.d4 cxd4 8.Nxd4 Nc5
9.f3 Be7 10.c4 O-O 11.Nc3 a6 12.Be3 Rc8 13.Rfd1 Qc7 14.Rac1 Rfd8  1/2-1/2

[Event "Zenica"]
[Site "Zenica"]
[Date "1986.??.??"]
[Round "12"]
[White "Subasic, Ilijas"]
[Black "Sunye Neto, Jaime"]
[Result "0-1"]
[WhiteElo "2320"]
[BlackElo "2515"]

1.e4 c5 2.Nf3 d6 3.Bb5+ Nd7 4.d4 Nf6 5.Nc3 a6 6.Bxd7+ Nxd7 7.Bg5 h6 8.Be3 e6
9.Qd2 b5 10.O-O-O Bb7 11.dxc5 dxc5 12.Rhe1 Be7 13.Bf4 b4 14.Nb1 g5 15.Bd6 g4
16.Ng1 Bg5 17.Bf4 Bxf4 18.Qxf4 Qg5 19.Qd2 Ne5 20.f4 gxf3 21.Nxf3 Nxf3 22.gxf3 Rd8
23.Qxg5 hxg5 24.Rxd8+ Kxd8 25.Re2 g4 26.fxg4 Rh4 27.Nd2 Rxg4 28.b3 Ke7 29.Kb2 Bc6
30.a3 a5 31.axb4 axb4 32.c3 Bb5 33.c4 Bc6 34.Kc2 Rh4 35.Kd3 Rh3+ 36.Kc2 f6
37.Kd1 Kd6 38.Rf2 Ke5 39.Ke2 Bxe4 40.Kf1 Bc6 41.Kg1 f5 42.Re2+ Kf6 43.Re1 Rd3
44.Re2 e5 45.Kf2  0-1

[Event "Lang mem-A 7th"]
[Site "Brno"]
[Date "1987.07.20"]
[Round "3"]
[White "Nemec, Pavel"]
[Black "Stypka, Mieczyslaw"]
[Result "1-0"]
[WhiteElo "2225"]
[BlackElo "2265"]

1.e4 c5 2.Nf3 d6 3.Bb5+ Nd7 4.c4 Nf6 5.Nc3 g6 6.d3 Bg7 7.O-O O-O 8.Bg5 h6
9.Bh4 Nb6 10.Qd2 a6 11.Ba4 Nxa4 12.Nxa4 b5 13.Nc3 Rb8 14.Bxf6 exf6 15.Rad1 f5
16.b3 Re8 17.Rfe1 Be6 18.Nd5 g5 19.exf5 Bxd5 20.Rxe8+ Qxe8 21.cxd5 Qd7 22.g4 Qb7
23.h4 Qxd5 24.Qe2 Bf6 25.hxg5 Bxg5 26.Nxg5 hxg5 27.Qe7 Qe5 28.Qxg5+ Qg7 29.Qf4 Re8
30.Kg2 Qe5 31.Qg5+ Qg7 32.Qh4 f6 33.Qg3 Re2 34.Qf3 Qe7 35.Rh1 Re1 36.Rh6 c4
37.Qd5+  1-0

[Event "OHRA-B"]
[Site "Amsterdam"]
[Date "1987.??.??"]
[Round "2"]
[White "Belkhodja, Slim"]
[Black "Gutman, Lev"]
[Result "1-0"]
[WhiteElo "2375"]
[BlackElo "2475"]

1.e4 c5 2.Nf3 d6 3.Bb5+ Nc6 4.O-O Qb6 5.Nc3 a6 6.Bxc6+ bxc6 7.h3 e5 8.d3 Ne7
9.Nd2 Ng6 10.Ne2 Qd8 11.Nc4 d5 12.Ne3 Be6 13.c4 d4 14.Nf5 h5 15.f4 exf4 16.Nxf4 Nxf4
17.Bxf4 g6 18.Be5 Rg8 19.Bf6 Qd7 20.Qf3 a5 21.Rae1 a4 22.Qf4 Qa7 23.Nd6+ Kd7
24.e5 Bxd6 25.exd6 Rae8 26.Be7 Kc8 27.Rb1 Bf5 28.Qf3 Kd7 29.Rbe1 Qa5 30.Re5 Be6
31.Rfe1  1-0

[Event "OHRA-B"]
[Site "Amsterdam"]
[Date "1987.??.??"]
[Round "3"]
[White "Belkhodja, Slim"]
[Black "Geller, Efim P"]
[Result "1/2-1/2"]
[WhiteElo "2375"]
[BlackElo "2515"]

1.e4 c5 2.Nf3 d6 3.Bb5+ Bd7 4.Bxd7+ Nxd7 5.O-O Ngf6 6.Qe2 e6 7.d4 cxd4 8.Nxd4 Nc5
9.Nc3 a6 10.Nb3 Nxb3 11.axb3 Be7 12.Rd1 Qc7 13.Bf4 O-O 14.Rd2 Rfd8 15.Rad1 Rac8
16.f3 b5 17.Be3 Qc6 18.Bd4 h6 19.Na2 Qb7 20.c3 Nd7 21.Nc1 a5 22.Nd3 Ra8 23.Qf2 Nf6  1/2-1/2